[Event "Nova Scotia Closed"]
[Site "Halifax CAN"]
[Date "1998.04.25"]
[Round "1"]
[White "Mathers, Jim"]
[Black "Eldridge, Mike"]
[Result "1-0"]
[WhiteElo "2103"]
[BlackElo "2024"]
[PlyCount "49"]
[GameId "2160767911873454"]
[EventDate "1998.04.24"]
[EventType "swiss"]
[EventRounds "5"]
[EventCountry "CAN"]

1. e4 e6 2. d4 d5 3. e5 c5 4. c3 Bd7 5. Nf3 Nc6 6. Bd3 Qb6 7. O-O Nh6 8. dxc5 Bxc5 9. Bxh6 gxh6 10. b4 Bf8 11. a4 Qc7 12. Re1 Bg7 13. Qe2 O-O-O 14. Na3 Rdf8 15. Rac1 Kb8 16. Nb5 Qd8 17. Nd6 f5 18. b5 Na5 19. c4 dxc4 20. Bxc4 Qb6 21. Red1 Rhg8 22. Ba2 Bc8 23. Nd4 Bh8 24. Bxe6 Bxe6 25. Nxe6 1-0

[Event "Nova Scotia Closed"]
[Site "Halifax CAN"]
[Date "1998.04.25"]
[Round "1"]
[White "Wysocki, Antoni"]
[Black "Kenney, David"]
[Result "1-0"]
[WhiteElo "2050"]
[BlackElo "1916"]
[PlyCount "97"]
[GameId "2160767911873455"]
[EventDate "1998.04.24"]
[EventType "swiss"]
[EventRounds "5"]
[EventCountry "CAN"]

1. g3 c5 2. Bg2 g6 3. Nc3 Bg7 4. d3 Nf6 5. e4 Nc6 6. f4 d6 7. Nf3 Bg4 8. Ne2 Qc7 9. O-O O-O 10. Be3 Rad8 11. h3 Bxf3 12. Bxf3 b6 13. c3 e5 14. d4 exf4 15. gxf4 Rfe8 16. Qd3 Nd7 17. Rae1 Ne7 18. Kg2 f5 19. Ng3 fxe4 20. Qxe4 Nf6 21. Qe6+ Kh8 22. Qc4 d5 23. Qd3 c4 24. Qc2 Neg8 25. f5 Ne7 26. fxg6 Nxg6 27. Nf5 Ne4 28. Bc1 Qd7 29. Bxe4 Rxe4 30. Rxe4 dxe4 31. Qxe4 Re8 32. Qg4 Qd5+ 33. Kg1 Bf6 34. Ng3 Nh4 35. Rf2 Re1+ 36. Nf1 Re8 37. Ne3 Qd8 38. Kf1 Qe7 39. Bd2 Rg8 40. Qf4 Bg7 41. Qf7 Qe4 42. Qxc4 Bh6 43. d5 Qh1+ 44. Ke2 Qxh3 45. Qe4 Ng6 46. Nf5 Qh5+ 47. Kd3 Qh3+ 48. Kc2 Bxd2 49. Qd4+ 1-0

[Event "Nova Scotia Closed"]
[Site "Halifax CAN"]
[Date "1998.04.25"]
[Round "2"]
[White "Davies, Cedric"]
[Black "Mathers, Jim"]
[Result "1-0"]
[WhiteElo "2049"]
[BlackElo "2103"]
[PlyCount "95"]
[GameId "2160767911873456"]
[EventDate "1998.04.24"]
[EventType "swiss"]
[EventRounds "5"]
[EventCountry "CAN"]

1. e4 Nc6 2. d4 e5 3. Nf3 exd4 4. Bc4 Bc5 5. c3 dxc3 6. Bxf7+ Kxf7 7. Qd5+ Ke8 8. Qxc5 Qe7 9. Qe3 cxb2 10. Bxb2 Nf6 11. O-O d6 12. Re1 Ng4 13. Qd2 Nge5 14. Nxe5 Nxe5 15. Na3 Be6 16. f4 Nc4 17. Nxc4 Bxc4 18. e5 d5 19. f5 b6 20. f6 Qe6 21. fxg7 Rg8 22. Qg5 Qg6 23. Qxg6+ hxg6 24. e6 c5 25. Bf6 d4 26. h4 Rc8 27. g4 Rc6 28. h5 gxh5 29. gxh5 Bxe6 30. h6 Kf7 31. Be5 Bf5 32. Bf4 Bh7 33. Bg5 Re6 34. Rxe6 Kxe6 35. Re1+ Kd5 36. Re7 Kc4 37. Rxa7 Kc3 38. Rb7 d3 39. Rxb6 c4 40. Rc6 Rb8 41. Bf6+ Kb4 42. Kf2 Ra8 43. Rb6+ Kc5 44. Rb2 Ra6 45. Bc3 Ra3 46. Bb4+ Kd4 47. Bxa3 c3 48. Rb8 1-0

[Event "Nova Scotia Closed"]
[Site "Halifax CAN"]
[Date "1998.04.25"]
[Round "2"]
[White "Eldridge, Mike"]
[Black "Kenney, Jason"]
[Result "1-0"]
[WhiteElo "2024"]
[BlackElo "1817"]
[PlyCount "91"]
[GameId "2160767911873457"]
[EventDate "1998.04.24"]
[EventType "swiss"]
[EventRounds "5"]
[EventCountry "CAN"]
[SourceTitle "EXT 2002"]
[Source "ChessBase"]
[SourceDate "2001.11.25"]
[SourceVersion "1"]
[SourceVersionDate "2001.11.25"]
[SourceQuality "1"]

1. d4 Nf6 2. c4 d6 3. Nf3 Nbd7 4. Bf4 g6 5. Nc3 Bg7 6. e4 O-O 7. Qd2 c5 8. d5 Ng4 9. Be2 Nge5 10. h4 h5 11. Bh6 Ng4 12. Bxg7 Kxg7 13. Ng5 Ndf6 14. f3 Ne5 15. O-O-O Rb8 16. g4 Rh8 17. Rdg1 Bd7 18. gxh5 Nxh5 19. f4 Nxc4 20. Bxc4 b5 21. Be2 b4 22. Nb1 Qa5 23. f5 Qxa2 24. fxg6 c4 25. gxf7 c3 26. Ne6+ Kh7 27. bxc3 Qxb1+ 28. Kxb1 bxc3+ 29. Kc1 cxd2+ 30. Kxd2 Bxe6 31. Bxh5 Bd7 32. Bg6+ Kh6 33. e5 dxe5 34. Rg5 e6 35. Rhg1 Rhf8 36. Rxe5 exd5 37. Rh5+ Kg7 38. Bf5+ Kxf7 39. Bxd7 Rh8 40. Rhg5 Rb2+ 41. Kc3 Rhb8 42. Rxd5 R2b3+ 43. Kc4 R3b4+ 44. Kc5 a5 45. Kd6 a4 46. Rf5# 1-0

[Event "Nova Scotia Closed"]
[Site "Halifax CAN"]
[Date "1998.04.25"]
[Round "2"]
[White "Kenney, David"]
[Black "Reddy, Tyler"]
[Result "1-0"]
[WhiteElo "1916"]
[BlackElo "1957"]
[PlyCount "89"]
[GameId "2160767911873458"]
[EventDate "1998.04.24"]
[EventType "swiss"]
[EventRounds "5"]
[EventCountry "CAN"]

1. c4 c5 2. g3 g6 3. Bg2 Bg7 4. Nc3 Nc6 5. Nf3 Nf6 6. O-O d5 7. cxd5 Nxd5 8. Qb3 Nxc3 9. dxc3 O-O 10. Be3 Qb6 11. Qa3 Qb5 12. Bxc5 b6 13. Bd4 e5 14. Bxe5 Bxe5 15. Nxe5 Nxe5 16. Bxa8 Bg4 17. Bg2 Bxe2 18. Rfe1 Re8 19. Qb3 Qa6 20. Qc2 Ng4 21. c4 Rc8 22. Qxe2 Nf6 23. b3 Qa5 24. Qd1 h5 25. Bd5 Ng4 26. Qf3 Rc7 27. h3 Nxf2 28. Qxf2 Qc3 29. Rac1 Qg7 30. Re8+ Kh7 31. Rce1 h4 32. gxh4 Rd7 33. Qe3 Qb2 34. Qe5 Qxe5 35. R1xe5 Kg7 36. R5e7 Rxe7 37. Rxe7 g5 38. Rxf7+ Kg6 39. hxg5 a5 40. Rb7 a4 41. Rxb6+ Kg7 42. bxa4 Kh7 43. a5 Kg7 44. a6 Kf8 45. Rb7 1-0

[Event "Nova Scotia Closed"]
[Site "Halifax CAN"]
[Date "1998.04.25"]
[Round "2"]
[White "Lomond, Gerald"]
[Black "Wysocki, Antoni"]
[Result "1/2-1/2"]
[WhiteElo "2073"]
[BlackElo "2050"]
[PlyCount "59"]
[GameId "2160767911873459"]
[EventDate "1998.04.24"]
[EventType "swiss"]
[EventRounds "5"]
[EventCountry "CAN"]

1. e4 d5 2. Nc3 e6 3. Nf3 Bb4 4. exd5 exd5 5. Ne2 Nc6 6. g3 Nge7 7. Bg2 Bg4 8. c3 Bd6 9. d4 Qd7 10. Bf4 O-O-O 11. Bxd6 Qxd6 12. O-O Kb8 13. Nf4 Ng6 14. Nd3 Rhe8 15. Qd2 Qf6 16. Nde1 Qf5 17. Qd3 Re7 18. Qxf5 Bxf5 19. Nd2 Re2 20. Nef3 Bg4 21. Rad1 f6 22. Rfe1 Rde8 23. Rxe2 Rxe2 24. Re1 Bxf3 25. Nxf3 Rxe1+ 26. Nxe1 Nge7 27. Nd3 Nd8 28. Nf4 c6 29. Bh3 g6 30. Nd3 1/2-1/2

[Event "Nova Scotia Closed"]
[Site "Halifax CAN"]
[Date "1998.04.25"]
[Round "2"]
[White "Mayo, Alvah"]
[Black "Charlton, Glenn"]
[Result "0-1"]
[WhiteElo "2017"]
[BlackElo "2164"]
[PlyCount "46"]
[GameId "2160767911873460"]
[EventDate "1998.04.24"]
[EventType "swiss"]
[EventRounds "5"]
[EventCountry "CAN"]

1. e4 g6 2. d4 d6 3. c4 e5 4. Nc3 Bg7 5. Be3 exd4 6. Bxd4 Nf6 7. Be2 O-O 8. Be3 Re8 9. f3 Nc6 10. Qd2 Be6 11. Rd1 Ne5 12. b3 a5 13. a4 Nfd7 14. Bd3 f5 15. Nge2 Qh4+ 16. Bf2 Nxd3+ 17. Qxd3 Qg5 18. Nd5 Ne5 19. Qe3 Qxg2 20. Ng3 Nxf3+ 21. Ke2 Bxd5 22. cxd5 fxe4 23. Nxe4 Ng5 0-1

[Event "Nova Scotia Closed"]
[Site "Halifax CAN"]
[Date "1998.04.25"]
[Round "2"]
[White "Saunders, Stephen"]
[Black "Urquhart, Eddie"]
[Result "1-0"]
[WhiteElo "2022"]
[BlackElo "2228"]
[PlyCount "103"]
[GameId "2160767911873461"]
[EventDate "1998.04.24"]
[EventType "swiss"]
[EventRounds "5"]
[EventCountry "CAN"]
[SourceTitle "EXT 2002"]
[Source "ChessBase"]
[SourceDate "2001.11.25"]
[SourceVersion "1"]
[SourceVersionDate "2001.11.25"]
[SourceQuality "1"]

1. d4 Nf6 2. c4 g6 3. f3 c6 4. e4 d5 5. cxd5 cxd5 6. e5 Nfd7 7. Nc3 e6 8. Nb5 Nc6 9. f4 a6 10. Nc3 Bg7 11. Nf3 b5 12. Be2 Qb6 13. O-O Bb7 14. Kh1 Ne7 15. Be3 Nf5 16. Bg1 h5 17. Bd3 Bh6 18. Bxf5 gxf5 19. Ng5 Bxg5 20. fxg5 Nf8 21. Qd2 Ng6 22. Ne2 h4 23. Nf4 h3 24. Nxh3 Nxe5 25. dxe5 d4 26. Nf4 O-O-O 27. Rfc1+ Kb8 28. b4 Rh4 29. Bf2 Rg4 30. Kg1 f6 31. gxf6 Ba8 32. Rc2 Rdg8 33. Bg3 Qb7 34. Rf1 Qd7 35. Rfc1 d3 36. Qxd3 Qa7+ 37. Kh1 Bb7 38. f7 Rxg3 39. Qd6+ Ka8 40. f8=Q+ Rxf8 41. Qxf8+ Qb8 42. Qxb8+ Kxb8 43. hxg3 Be4 44. Rc7 a5 45. bxa5 b4 46. Re7 Ba8 47. Rd1 Bb7 48. Rd8+ Ka7 49. Rdd7 b3 50. Rxb7+ Ka8 51. Ra7+ Kb8 52. Reb7+ 1-0

[Event "Nova Scotia Closed"]
[Site "Halifax CAN"]
[Date "1998.04.25"]
[Round "3"]
[White "Eldridge, Mike"]
[Black "Mayo, Alvah"]
[Result "0-1"]
[WhiteElo "2024"]
[BlackElo "2017"]
[PlyCount "34"]
[GameId "2160767911873462"]
[EventDate "1998.04.24"]
[EventType "swiss"]
[EventRounds "5"]
[EventCountry "CAN"]

1. Nf3 c5 2. e4 d6 3. d4 cxd4 4. Nxd4 Nf6 5. Nc3 g6 6. Bc4 Bg7 7. f3 O-O 8. Bb3 Nc6 9. Be3 Bd7 10. Qd2 Rc8 11. O-O-O Ne5 12. h4 Nc4 13. Qe2 Nxe3 14. Qxe3 Qb6 15. Rd3 e5 16. Nde2 Qxe3+ 17. Rxe3 Bh6 0-1

[Event "Nova Scotia Closed"]
[Site "Halifax CAN"]
[Date "1998.04.25"]
[Round "3"]
[White "Reddy, Tyler"]
[Black "Kenney, Jason"]
[Result "0-1"]
[WhiteElo "1957"]
[BlackElo "1817"]
[PlyCount "102"]
[GameId "2160767911873463"]
[EventDate "1998.04.24"]
[EventType "swiss"]
[EventRounds "5"]
[EventCountry "CAN"]

1. c4 c5 2. Nf3 Nc6 3. g3 g6 4. Bg2 e5 5. Nc3 Bg7 6. d3 Nge7 7. O-O d6 8. Bd2 O-O 9. Qc1 Rb8 10. Ne1 Nd4 11. Nc2 Nec6 12. Nxd4 Nxd4 13. Be3 Bg4 14. Re1 a6 15. Bxd4 exd4 16. Nd5 Re8 17. Qd2 b5 18. cxb5 axb5 19. a4 Be6 20. a5 c4 21. a6 Ra8 22. Nb4 d5 23. dxc4 bxc4 24. e3 c3 25. bxc3 dxc3 26. Qc2 Bf5 27. Qa4 Be4 28. f3 Bf5 29. g4 Bd7 30. Qb3 Qb6 31. Rab1 Rxe3 32. Rxe3 Qxe3+ 33. Kh1 Be6 34. Nc6 Bd4 35. Nxd4 Qxd4 36. Bf1 Qc5 37. Qb7 Qa7 38. Bb5 d4 39. Qe4 Rd8 40. Bd3 Bd5 41. Qf4 Re8 42. Kg2 Re3 43. Be4 Bxe4 44. fxe4 Qxa6 45. Rf1 Qe6 46. Kg1 Rxe4 47. Qb8+ Kg7 48. h3 Qe5 49. Qc8 Qg3+ 50. Kh1 Qxh3+ 51. Kg1 Rxg4+ 0-1

[Event "Nova Scotia Closed"]
[Site "Halifax CAN"]
[Date "1998.04.25"]
[Round "3"]
[White "Saunders, Stephen"]
[Black "Lomond, Gerald"]
[Result "1/2-1/2"]
[WhiteElo "2022"]
[BlackElo "2073"]
[PlyCount "95"]
[GameId "2160767911873464"]
[EventDate "1998.04.24"]
[EventType "swiss"]
[EventRounds "5"]
[EventCountry "CAN"]
[SourceTitle "EXT 2002"]
[Source "ChessBase"]
[SourceDate "2001.11.25"]
[SourceVersion "1"]
[SourceVersionDate "2001.11.25"]
[SourceQuality "1"]

1. d4 Nf6 2. c4 e6 3. Nc3 Bb4 4. e3 O-O 5. Bd3 d5 6. Nf3 Nbd7 7. O-O c6 8. a3 Be7 9. e4 dxe4 10. Nxe4 Nxe4 11. Bxe4 Nf6 12. Bc2 b6 13. Qd3 Bb7 14. Bg5 g6 15. Bh6 Re8 16. Rad1 c5 17. dxc5 Qxd3 18. Rxd3 Be4 19. Rc3 Bxc2 20. Rxc2 Bxc5 21. b4 Bf8 22. Bxf8 Kxf8 23. Rd2 Red8 24. Rfd1 Rxd2 25. Rxd2 a5 26. Kf1 axb4 27. axb4 Ra1+ 28. Ke2 Rb1 29. b5 Rc1 30. Ne5 Ke8 31. Rd6 Rc2+ 32. Ke3 Rxf2 33. Rxe6+ fxe6 34. Kxf2 Nd7 35. Nd3 Ke7 36. Ke3 Kd6 37. Kd4 e5+ 38. Ke3 Nc5 39. Nf2 Ke6 40. h3 Kf5 41. g4+ Ke6 42. h4 h6 43. Nd1 Nd7 44. Nf2 Nc5 45. Nd1 h5 46. gxh5 gxh5 47. Nc3 Kf5 48. Kf3 1/2-1/2

[Event "Nova Scotia Closed"]
[Site "Halifax CAN"]
[Date "1998.04.25"]
[Round "3"]
[White "Urquhart, Eddie"]
[Black "Kenney, David"]
[Result "1-0"]
[WhiteElo "2228"]
[BlackElo "1916"]
[PlyCount "88"]
[GameId "2160767911873465"]
[EventDate "1998.04.24"]
[EventType "swiss"]
[EventRounds "5"]
[EventCountry "CAN"]
[SourceTitle "EXT 2002"]
[Source "ChessBase"]
[SourceDate "2001.11.25"]
[SourceVersion "1"]
[SourceVersionDate "2001.11.25"]
[SourceQuality "1"]

1. e4 g6 2. d4 Bg7 3. Nc3 d6 4. Bg5 Nf6 5. Qd2 Nbd7 6. f4 c5 7. d5 O-O 8. Nf3 a6 9. a4 b6 10. Be2 Qc7 11. O-O Bb7 12. Rae1 Rae8 13. Bc4 h6 14. Bh4 Kh7 15. h3 Ng8 16. f5 Ne5 17. Nxe5 Bxe5 18. Ne2 Bc8 19. c3 Nf6 20. Qd3 Rg8 21. Bxf6 Bxf6 22. Bxa6 Bxa6 23. Qxa6 Rg7 24. fxg6+ Rxg6 25. Nf4 Rg5 26. Qb5 Reg8 27. Re2 R8g7 28. Qe8 Qb7 29. Kh1 Re5 30. Qc6 Qb8 31. g4 Qg8 32. Qxb6 h5 33. Rg1 Reg5 34. Rh2 Be5 35. Rf1 Bxf4 36. Rxf4 R7g6 37. Qc7 Qf8 38. Rhf2 f6 39. Qd7 Qg7 40. Rg2 Re5 41. a5 Qh6 42. Rff2 hxg4 43. Rxg4 Reg5 44. Qxe7+ Rg7 1-0

[Event "Nova Scotia Closed"]
[Site "Halifax CAN"]
[Date "1998.04.25"]
[Round "3"]
[White "Wysocki, Antoni"]
[Black "Mathers, Jim"]
[Result "0-1"]
[WhiteElo "2050"]
[BlackElo "2103"]
[PlyCount "60"]
[GameId "2160767911873466"]
[EventDate "1998.04.24"]
[EventType "swiss"]
[EventRounds "5"]
[EventCountry "CAN"]

1. g3 g6 2. Bg2 Bg7 3. f4 d6 4. Nf3 Nc6 5. O-O e5 6. Nc3 Nf6 7. d3 O-O 8. Bd2 Re8 9. fxe5 dxe5 10. Ng5 h6 11. Nge4 Nxe4 12. Nxe4 f5 13. Nf2 g5 14. Bxc6 bxc6 15. e4 f4 16. Qh5 Be6 17. Bc3 Qd7 18. gxf4 exf4 19. Kh1 Bxc3 20. bxc3 Kh7 21. Rg1 Rg8 22. Ng4 Qg7 23. Raf1 Raf8 24. Rf3 Bf7 25. Qh3 Be6 26. c4 Kg6 27. Qf1 h5 28. Nf2 Kh7 29. h4 g4 30. Nh3 Qe7 0-1

[Event "Nova Scotia Closed"]
[Site "Halifax CAN"]
[Date "1998.04.26"]
[Round "4"]
[White "Davies, Cedric"]
[Black "Saunders, Stephen"]
[Result "1/2-1/2"]
[WhiteElo "2049"]
[BlackElo "2022"]
[PlyCount "62"]
[GameId "2160767911873467"]
[EventDate "1998.04.24"]
[EventType "swiss"]
[EventRounds "5"]
[EventCountry "CAN"]
[SourceTitle "EXT 2002"]
[Source "ChessBase"]
[SourceDate "2001.11.25"]
[SourceVersion "1"]
[SourceVersionDate "2001.11.25"]
[SourceQuality "1"]

1. e4 c5 2. Nc3 Nc6 3. f4 g6 4. Nf3 Bg7 5. Bb5 Nd4 6. Bd3 d6 7. Nxd4 cxd4 8. Ne2 Nh6 9. c3 dxc3 10. dxc3 O-O 11. Be3 d5 12. Nd4 Ng4 13. Qe2 dxe4 14. Bxe4 Nxe3 15. Qxe3 Bxd4 16. cxd4 Qa5+ 17. Qc3 Qxc3+ 18. bxc3 Rb8 19. Rb1 b6 20. Kd2 Bb7 21. Bxb7 Rxb7 22. Rb3 Rc8 23. Kd3 Rc6 24. Rc1 Rbc7 25. c4 Rd7 26. Kc3 Re6 27. Rd1 Rc7 28. Kd3 Rec6 29. Rc3 e6 30. Rdc1 Kf8 31. a4 Ke7 1/2-1/2

[Event "Nova Scotia Closed"]
[Site "Halifax CAN"]
[Date "1998.04.26"]
[Round "4"]
[White "Kenney, Jason"]
[Black "Kenney, David"]
[Result "1/2-1/2"]
[WhiteElo "1817"]
[BlackElo "1916"]
[PlyCount "33"]
[GameId "2160767911873468"]
[EventDate "1998.04.24"]
[EventType "swiss"]
[EventRounds "5"]
[EventCountry "CAN"]

1. e4 g6 2. Nc3 Bg7 3. Bc4 c5 4. f4 d6 5. Nf3 Nf6 6. d3 Nc6 7. O-O O-O 8. a3 a6 9. Nd5 Nd7 10. f5 b5 11. Ba2 Nde5 12. fxg6 hxg6 13. Ng5 e6 14. Nc3 Bf6 15. Nf3 Nxf3+ 16. Qxf3 Bd4+ 17. Be3 1/2-1/2

[Event "Nova Scotia Closed"]
[Site "Halifax CAN"]
[Date "1998.04.26"]
[Round "4"]
[White "Lomond, Gerald"]
[Black "Mayo, Alvah"]
[Result "0-1"]
[WhiteElo "2073"]
[BlackElo "2017"]
[PlyCount "130"]
[GameId "2160767911873469"]
[EventDate "1998.04.24"]
[EventType "swiss"]
[EventRounds "5"]
[EventCountry "CAN"]
[SourceTitle "EXT 2002"]
[Source "ChessBase"]
[SourceDate "2001.11.25"]
[SourceVersion "1"]
[SourceVersionDate "2001.11.25"]
[SourceQuality "1"]

1. e4 c5 2. Nf3 d6 3. d4 cxd4 4. Nxd4 Nf6 5. Nc3 g6 6. Be2 Bg7 7. Be3 O-O 8. O-O Nc6 9. Kh1 a6 10. f4 Bd7 11. Nb3 b5 12. Bf3 Rc8 13. Qd2 Ng4 14. Bg1 b4 15. Nd1 Nf6 16. Nf2 Be6 17. Be2 a5 18. a4 Nd7 19. Nd1 Qc7 20. Ba6 Rcd8 21. Re1 Ncb8 22. Bd3 Bxb3 23. cxb3 Nc5 24. Bc4 Nbd7 25. Qe2 e6 26. Rc1 Qb7 27. Nf2 h5 28. Nd3 Rc8 29. Nxc5 Nxc5 30. Bxc5 Rxc5 31. Red1 Rd8 32. e5 Qc7 33. Qe3 d5 34. Ba6 d4 35. Qd2 Bh6 36. Rc4 Rxc4 37. bxc4 Qc6 38. Bb5 Qe4 39. Rf1 Qxe5 40. fxe5 Bxd2 41. c5 Rd5 42. c6 Rxe5 43. g3 Rc5 44. b3 Kf8 45. Kg2 Ke7 46. Rd1 Be3 47. Kf3 e5 48. h3 f5 49. g4 e4+ 50. Kg3 f4+ 51. Kg2 Rc2+ 52. Kf1 Kd6 53. gxh5 gxh5 54. Ke1 Rc1 55. Rxc1 Bxc1 56. h4 Be3 57. c7 Kxc7 58. Be8 Kd6 59. Bxh5 f3 60. Bg6 Ke5 61. h5 d3 62. Bf7 Bg5 63. Bc4 Kd4 64. Bb5 e3 65. Bc4 Bh4+ 0-1

[Event "Nova Scotia Closed"]
[Site "Halifax CAN"]
[Date "1998.04.26"]
[Round "5"]
[White "Charlton, Glenn"]
[Black "Lomond, Gerald"]
[Result "1/2-1/2"]
[WhiteElo "2164"]
[BlackElo "2073"]
[PlyCount "61"]
[GameId "2160767911873470"]
[EventDate "1998.04.24"]
[EventType "swiss"]
[EventRounds "5"]
[EventCountry "CAN"]

1. e4 c5 2. Nc3 Nc6 3. f4 e6 4. Nf3 a6 5. a4 d6 6. g3 Nf6 7. d3 Be7 8. Bg2 Bd7 9. O-O Rb8 10. h3 O-O 11. g4 Nd4 12. Be3 Nxf3+ 13. Bxf3 Bc6 14. Qe1 Nd7 15. g5 b5 16. b3 e5 17. Qg3 exf4 18. Bxf4 Ne5 19. axb5 axb5 20. Bg2 Ng6 21. Be3 f6 22. h4 b4 23. Nd5 Bxd5 24. exd5 fxg5 25. hxg5 Rxf1+ 26. Rxf1 Ra8 27. Be4 Ne5 28. Bxh7+ Kxh7 29. Qh3+ Kg8 30. Qe6+ Kh8 31. Qh3+ 1/2-1/2

[Event "Nova Scotia Closed"]
[Site "Halifax CAN"]
[Date "1998.04.26"]
[Round "5"]
[White "Davies, Cedric"]
[Black "Wysocki, Antoni"]
[Result "1/2-1/2"]
[WhiteElo "2049"]
[BlackElo "2050"]
[PlyCount "29"]
[GameId "2160767911873471"]
[EventDate "1998.04.24"]
[EventType "swiss"]
[EventRounds "5"]
[EventCountry "CAN"]

1. Nf3 g6 2. e4 Bg7 3. Nc3 d6 4. d4 Nf6 5. h3 O-O 6. Be3 c6 7. Bd3 Nbd7 8. O-O Qc7 9. a4 b6 10. Qd2 Re8 11. Rfe1 Bb7 12. Rad1 Rad8 13. Bc4 Nf8 14. Ba2 e5 15. dxe5 1/2-1/2

[Event "Nova Scotia Closed"]
[Site "Halifax CAN"]
[Date "1998.04.26"]
[Round "5"]
[White "Kenney, David"]
[Black "Saunders, Stephen"]
[Result "1-0"]
[WhiteElo "1916"]
[BlackElo "2022"]
[PlyCount "77"]
[GameId "2160767911873472"]
[EventDate "1998.04.24"]
[EventType "swiss"]
[EventRounds "5"]
[EventCountry "CAN"]
[SourceTitle "EXT 2002"]
[Source "ChessBase"]
[SourceDate "2001.11.25"]
[SourceVersion "1"]
[SourceVersionDate "2001.11.25"]
[SourceQuality "1"]

1. c4 f5 2. d4 Nf6 3. Nc3 g6 4. g3 Bg7 5. Bg2 d6 6. Nf3 O-O 7. O-O Qe8 8. Bg5 c6 9. d5 c5 10. Qd2 Na6 11. Ne1 Nc7 12. a4 Bd7 13. Bh6 b6 14. Bxg7 Kxg7 15. f4 a6 16. e4 fxe4 17. Nxe4 Bxa4 18. f5 Bd7 19. fxg6 Qxg6 20. Ng5 Rae8 21. Nd3 h6 22. Nh3 Bxh3 23. Bxh3 Qg5 24. Nf4 Ng4 25. Rxa6 e5 26. Ra7 Re7 27. Rxc7 exf4 28. Rxe7+ Qxe7 29. Bxg4 fxg3 30. hxg3 Rxf1+ 31. Kxf1 Qe4 32. Qc3+ Kg6 33. Bf3 Qf5 34. Kg2 h5 35. Qe3 Qc2+ 36. Qe2 Qb3 37. Bxh5+ Kg5 38. Qg4+ Kf6 39. Qf3+ 1-0

[Event "Nova Scotia Closed"]
[Site "Halifax CAN"]
[Date "1998.04.26"]
[Round "5"]
[White "Mayo, Alvah"]
[Black "Mathers, Jim"]
[Result "1/2-1/2"]
[WhiteElo "2017"]
[BlackElo "2103"]
[PlyCount "24"]
[GameId "2160767911873473"]
[EventDate "1998.04.24"]
[EventType "swiss"]
[EventRounds "5"]
[EventCountry "CAN"]

1. e4 Nc6 2. Nf3 d6 3. d4 Nf6 4. Nc3 Bg4 5. Be3 e6 6. Bb5 a6 7. Ba4 d5 8. exd5 Nxd5 9. Nxd5 Qxd5 10. Bb3 Qd7 11. h3 Bxf3 12. Qxf3 Be7 1/2-1/2

[Event "Nova Scotia op"]
[Site "Halifax CAN"]
[Date "1998.11.15"]
[Round "4"]
[White "Mayo, Alvah"]
[Black "Charlton, Glenn"]
[Result "0-1"]
[WhiteElo "2052"]
[BlackElo "2182"]
[PlyCount "62"]
[GameId "2160767911806068"]
[EventDate "1998.11.14"]
[EventType "swiss"]
[EventRounds "5"]
[EventCountry "CAN"]

1. e4 c5 2. Nf3 Nc6 3. d4 cxd4 4. Nxd4 g6 5. Nc3 Bg7 6. Be3 Nf6 7. Bc4 Qa5 8. Nb3 Qc7 9. Be2 O-O 10. O-O d6 11. f4 b6 12. Bf3 Bb7 13. g4 Nb4 14. a3 Na6 15. g5 Nd7 16. Nb5 Qd8 17. c3 Nac5 18. Nd2 a6 19. Nd4 e5 20. Ne2 exf4 21. Bxf4 Ne5 22. Bg2 Ne6 23. h4 Nxf4 24. Nxf4 h6 25. Qb3 hxg5 26. hxg5 b5 27. c4 Qxg5 28. cxb5 axb5 29. Rf2 Ng4 30. Rf3 Bd4+ 31. Kh1 Qh6+ 0-1

[Event "Ontario op"]
[Site "Sarnia CAN"]
[Date "1998.10.12"]
[Round "6"]
[White "Bruziewicz, Andrew"]
[Black "Ochkoos, Jura"]
[Result "1/2-1/2"]
[WhiteElo "2022"]
[BlackElo "2412"]
[PlyCount "146"]
[GameId "2160767911806289"]
[EventDate "1998.10.10"]
[EventType "swiss"]
[EventRounds "6"]
[EventCountry "CAN"]

1. d4 d5 2. Nc3 Bf5 3. Bf4 e6 4. e3 a6 5. g4 Bg6 6. h4 f6 7. h5 Bf7 8. Nf3 Bd6 9. Qd2 c5 10. Bxd6 Qxd6 11. e4 Nc6 12. O-O-O Nge7 13. Bh3 cxd4 14. Nxd4 Nxd4 15. Qxd4 Nc6 16. Qa4 O-O 17. exd5 exd5 18. Bg2 b5 19. Qe4 Rae8 20. Rxd5 Qc7 21. Qf5 Be6 22. Qe4 Ne5 23. Rd2 Nxg4 24. Qf3 Ne5 25. Qg3 Qa5 26. Bd5 b4 27. Bxe6+ Rxe6 28. Rd5 Qc7 29. Ne4 h6 30. Qb3 Kh8 31. Rc5 Qe7 32. Rd5 Rc6 33. Rhd1 Rfc8 34. R5d2 f5 35. Nd6 Rf8 36. Qd5 Rf6 37. f4 Rfxd6 38. Qxe5 Qxe5 39. fxe5 Rxd2 40. Rxd2 Re6 41. Re2 g6 42. hxg6 Kg7 43. Kd2 Kxg6 44. Kd3 Re8 45. Kd4 Kf7 46. Rh2 Rd8+ 47. Ke3 Ke6 48. Rxh6+ Kxe5 49. Rxa6 Rc8 50. Ra5+ Kf6 51. Kd3 Kg5 52. Rb5 Ra8 53. Rxb4 Rxa2 54. Ke3 Ra1 55. Kf3 Rf1+ 56. Ke2 Rh1 57. Rc4 f4 58. Kf3 Rf1+ 59. Kg2 Rb1 60. b3 Kg4 61. Rc8 Rd1 62. Rg8+ Kf5 63. Kf3 Rc1 64. Rg2 Rh1 65. Rd2 Rh3+ 66. Kg2 Rc3 67. b4 Rc4 68. b5 Rb4 69. Rd5+ Ke4 70. Rc5 Rb2 71. Kf2 Kd4 72. Rf5 Ke4 73. Rc5 Kd4 1/2-1/2

[Event "Ottawa op"]
[Site "Ottawa CAN"]
[Date "1998.09.19"]
[Round "1"]
[White "Lidstone, Phil"]
[Black "Gagnon, Fabien"]
[Result "1-0"]
[WhiteElo "1891"]
[BlackElo "2054"]
[PlyCount "97"]
[GameId "2160767911806345"]
[EventDate "1998.09.19"]
[EventType "swiss"]
[EventRounds "5"]
[EventCountry "CAN"]

1. e4 c5 2. Nf3 e6 3. Nc3 Nc6 4. Bb5 Be7 5. O-O d6 6. Bxc6+ bxc6 7. Re1 e5 8. h3 Nf6 9. d3 O-O 10. Ne2 Qc7 11. Ng3 Re8 12. Bg5 Rb8 13. b3 Be6 14. Nh4 d5 15. Nhf5 Bxf5 16. Nxf5 dxe4 17. Bxf6 Bxf6 18. Rxe4 Rb4 19. Qf3 Qd7 20. Rae1 Qe6 21. a3 Rxe4 22. Rxe4 g6 23. Nh6+ Kf8 24. Ng4 Bg7 25. Rc4 Qd6 26. Qe3 f5 27. Nh2 e4 28. Qxc5 Qxc5 29. Rxc5 exd3 30. cxd3 Rd8 31. Nf3 Rxd3 32. Rxc6 Rxb3 33. Rc8+ Ke7 34. Rc7+ Kf8 35. Rxa7 h6 36. Nh4 Rb1+ 37. Kh2 Rb6 38. Nf3 Rb2 39. Kg3 Bf6 40. a4 f4+ 41. Kxf4 Rxf2 42. Kg3 Ra2 43. a5 Kg8 44. a6 g5 45. Kg4 Bg7 46. Kh5 Rxg2 47. Kg6 g4 48. Rxg7+ Kh8 49. Nh4 1-0

[Event "Ottawa op"]
[Site "Ottawa CAN"]
[Date "1998.09.19"]
[Round "1"]
[White "Pacey, Kevin"]
[Black "Gottlieb, Jonathan"]
[Result "1-0"]
[WhiteElo "2298"]
[BlackElo "2034"]
[PlyCount "61"]
[GameId "2160767911806346"]
[EventDate "1998.09.19"]
[EventType "swiss"]
[EventRounds "5"]
[EventCountry "CAN"]

1. d4 Nf6 2. Nc3 d5 3. Bg5 Bf5 4. e3 e6 5. Bd3 Bg6 6. f4 c5 7. f5 Bxf5 8. Bxf5 exf5 9. Bxf6 Qxf6 10. Nxd5 Qd8 11. Qf3 Qa5+ 12. c3 Nc6 13. Qxf5 Bd6 14. Qe4+ Kf8 15. Ne2 Re8 16. Qf5 cxd4 17. O-O Ne5 18. Nef4 dxe3 19. Ne6+ Kg8 20. Nxg7 Kxg7 21. Qf6+ Kg8 22. Qxd6 Rd8 23. Ne7+ Kf8 24. Ng6+ Kg8 25. Qxe5 Qxe5 26. Nxe5 f6 27. Rxf6 e2 28. Re1 Rd1 29. Kf2 Kg7 30. Rf7+ Kh6 31. Rxe2 1-0